Died Before 30 Quiz Stats

 Plays Quiz Updated May 17, 2018

Support Sporcle.
Go Orange.
Score 0/34 Timer 12:00
0 Plays Today
Hint Person % Correct
Australian actor who won a posthumous Oscar for “The Dark Knight”Heath Ledger
79%
Pharaoh who faded from history until his tomb’s re-discovery in 1922Tutankhamun
78.8%
Rocker known as lead singer and guitarist for NirvanaKurt Cobain
78.1%
French heroine and Catholic saintJoan of Arc
77.8%
Legendary rapper who has now released more albums after death than while aliveTupac Shakur
76.2%
Actor and American icon who starred in “Rebel Without a Cause”James Dean
75.2%
Lead singer of the DoorsJim Morrison
72.2%
Psychedelic guitarist known for Woodstock and rendition of “All Along the Watchtower”Jimi Hendrix
71.8%
Native American princess who married an English settler and moved to LondonPocahontas
65.5%
U.S. Marine who was named the assassin of President John F. KennedyLee Harvey Oswald
65.3%
Rock and roll pioneer and leader of the Crickets who died “The Day the Music Died”Buddy Holly
63.5%
Powerful singer of “Piece of My Heart” and “Me and Bobby McGee”Janis Joplin
60.5%
American actor fatally shot while filming “The Crow,” in which he starredBrandon Lee
58.3%
American actor in films including “Stand By Me” and “My Own Private Idaho” River Phoenix
58.2%
Influential East Coast rapper with albums “Ready to Die” and “Life After Death”Notorious B.I.G. or Biggie Smalls
56.8%
American soul singer with the hit “(Sittin’ On) The Dock of the Bay”Otis Redding
54.7%
American singer of “La Bamba” who perished “The Day the Music Died”Ritchie Valens
54.5%
Hint Person % Correct
English musician, bassist for the Sex Pistols and accused murderer of NancySid Vicious
54.4%
Tejano singer of “I Could Fall in Love” whose biopic launched the career of Jennifer LopezSelena
51.4%
Native American guide to Lewis & Clark; her image graces the new U.S. $1 coinSacagawea
49.2%
English Romantic poet of “Ozymandias”; husband of horror writer MaryPercy Bysshe Shelley
48.8%
Actress/model from “Valley of the Dolls” and wife of Roman PolanskiSharon Tate
40.3%
Roman emperor best known for his insanity and sexual proclivitiesCaligula
39.6%
Singer/actress known for the song “Try Again” and movie “Romeo Must Die”Aaliyah
34.4%
American football player later killed by friendly fire in AfghanistanPat Tillman
33.9%
Country music star whose many hits included 'Your Cheatin' Heart' and 'Hey Good Lookin'Hank Williams
31.1%
Actor/comedian who starred in “Chico and the Man”Freddie Prinze
30.1%
Chicago Bears football star and subject of movie “Brian’s Song”Brian Piccolo
28.9%
Long distance and Track and Field runner subject of movie “Without Limits”Steve Prefontaine
24.7%
England’s 'Nine Day’s Queen' whose reign was cut short alongside her head in 1554 Lady Jane Grey
24.3%
Original bassist for the Beatles, sometimes called “the fifth Beatle”Stu Sutcliffe
16.3%
Depression-era platinum blonde actress known for “Hold Your Man” and “Red Dust”Jean Harlow
15.3%
Lead singer – with the Teenagers – of “Why Do Fools Fall in Love” and “Goody Goody”Frankie Lymon
14.5%
French mathematician and inventor of group theoryÉvariste Galois
4%

You're not logged in!

Compare scores with friends on all Sporcle quizzes.
OR
Log In

From the Vault

Top Ranked World Golfers (2009)

by Ben

The recently completed WGC Match Play Championship featured these 64 golfers. Oddly, no #1 seed made it past the 2nd round.
Remove Ads.
Support Sporcle.
Get the best of Sporcle when you Go Orange. This ad-free experience offers more features, more stats, and more fun while also helping to support Sporcle. Thank you for becoming a member.

Show Comments

Extras

Top Quizzes Today


Score Distribution

Your Account Isn't Verified!

In order to create a playlist on Sporcle, you need to verify the email address you used during registration. Go to your Sporcle Settings to finish the process.

Report this User

Report this user for behavior that violates our Community Guidelines.

Details: